000 02009nam a2200289 i 4500
001 BPP
003 BPK
005 20191005093935.0
008 151203s2009 pl f |000 0 pol
040 _cBPK
080 _a004.021
100 _aMaslennikow, Oleg
_d1996 - 2010.
_bPolitechnika Koszalińska - Wydział Elektroniki i Informatyki,
_cKatedra Inżynierii Komputerowej
245 _aZastosowanie arytmetyki ułamkowej w reprogramowalnych jednostkach przetwarzających systemów jednoukładowych /
_cOleg Masliennikow, Volodymyr Khadzhynov, Piotr Pawłowski, Robert Berezowski, Piotr Ratuszniak, Magdalena Rajewska, Margita Kucharska.
260 _aKoszalin,
_c2009.
500 _aDane z autopsji.
520 _aCelem projektu jest weryfikacja zalet, jakie może dać realizacja w obszarach reprogramowalnych systemów jednoukładowych bloków operacyjnych i jednostek przetwarzających działających w arytmetyce ułamkowej.
650 _aPrzetwarzanie danych w czasie rzeczywistym.
650 0 _aUkłady logiczne programowalne FPGA.
650 0 _aJęzyki opisu sprzętu.
700 _aKHADZHYNOV, Volodymyr.
_d2001 - .
_bPolitechnika Koszalińska - Wydział Elektroniki i Informatyki,
_cKatedra Inżynierii Komputerowej
700 _aPAWŁOWSKI, Piotr.
_d1996 - .
_bPolitechnika Koszalińska - Wydział Elektroniki i Informatyki,
_cKatedra Systemów Elektronicznych
700 _aRATUSZNIAK, Piotr.
_d2002 - .
_bPolitechnika Koszalińska - Wydział Elektroniki i Informatyki,
_cKatedra Inżynierii Komputerowej
700 _aRAJEWSKA, Magdalena.
_d2002 - .
_bPolitechnika Koszalińska - Wydział Elektroniki i Informatyki,
_cKatedra Inżynierii Komputerowej
700 _aKUCHARSKA, Margita.
_d1994 - .
_bPolitechnika Koszalińska - Wydział Elektroniki i Informatyki,
_cSekretariat
700 _aBEREZOWSKI, Robert.
_d1998 - .
_bPolitechnika Koszalińska - Wydział Elektroniki i Informatyki,
_cKatedra Inżynierii Komputerowej
942 _cMN
_2UKD
999 _c2061
_d2061